| 000 | 00349nam a22001331a 4500 | ||
|---|---|---|---|
| 999 |
_c165601 _d165601 |
||
| 082 |
_a617.713 05 _bANJ/P |
||
| 100 | _aAnju Ambast | ||
| 245 |
_aPrevention and treatment of sports injuries/ _cby Anju Ambast. |
||
| 260 |
_aNew Delhi: _bKhel Sahitya kendra, _c2005. |
||
| 300 | _a81p. | ||
| 650 | _aSports Injuries | ||
| 650 | _aDisease | ||
| 942 | _cBK | ||